Carica Katerina Alekseevna : (Titelsatznr. 40347)
[ MARC ]
| 000 -Satzkennung | |
|---|---|
| Kontrollfeld mit fester Länge | 00499nam a22001811c 4500 |
| 001 - Kontrollnummer | |
| Kontrollfeld | a987678747 |
| 008 - Feld mit fester Länge zur physischen Beschreibung - Allgemeine Angaben | |
| Kontrollfeld mit fester Länge | 170118s1994 gw |||| 000u rus d |
| 020 ## - Internationale Standardbuchnummer | |
| Internationale Standardbuchnummer | 5253007547 |
| Verknüpfung | 5-253-00754-7 |
| 041 ## - Sprachcode | |
| Sprachcode des Textes/der Tonspur oder des separaten Titels | rus |
| 040 ## - Katalogisierungsquelle | |
| Übertragungsstelle | RU-10907106 |
| 003 - Kontrollnummer Identifier | |
| Kontrollfeld | RU-10907106 |
| 100 1# - Haupteintragung - Personenname | |
| Personenname | Semevskij, M. I. |
| 245 00 - Titel | |
| Titel | Carica Katerina Alekseevna : |
| Zusatz zum Titel | Anna i Villim Mons. 1692-1724 |
| 264 ## - Produktion, Veröffentlichung, Distribution, Herstellung und Urheberrechtsvermerk | |
| Herstellungs-, Veröffentlichungs- Vertriebs-, Erzeugungsort | Moskva : |
| Produzent, Herausgeber, Distributor, Hersteller | Pressa, |
| Datum der Herstellung, der Veröffentlichung, des Vertriebs oder des Urheberschutzvermerks | 1994 |
| 300 ## - Physische Beschreibung | |
| Umfang | 412 S. |
| 490 #0 - Gesamttitelangabe | |
| Gesamttitelangabe | Očerki i rasskazy iz russkoj istorii XVIII v. |
| 942 ## - Zusätzliche Felder (Koha) | |
| Koha-Medientyp | Monographien |
| Ausgeschieden | Verloren | Klassifikation oder Aufstellungssystematik | Beschädigt | Nicht entleihbar | Heimatbibliothek | Aufenthaltsbibliothek | Aufstellungsort | Erwerbungsdatum | Inventarnummer | Signatur | Barcode | Letzte Aktivität | Preis gültig von | Koha-Medientyp |
|---|---|---|---|---|---|---|---|---|---|---|---|---|---|---|
| Andere/Generische Klassifikation | MWN Osteuropa | MWN Osteuropa | Magazin - 2 | 18/01/2017 | 17-00116 Ersatzß | R 51 ad Eka | E004015076190BB5 | 23/02/2021 | 22/03/2021 | Monographien |